[Event "Beloeil"]
[Site "Beloeil CAN"]
[Date "1998.05.19"]
[Round "3"]
[White "Lacroix, Serge"]
[Black "Charest, Johanne"]
[Result "1-0"]
[WhiteElo "1924"]
[BlackElo "1909"]
[PlyCount "70"]
[EventDate "1998.04.21"]
[EventType "swiss"]
[EventRounds "5"]
[EventCountry "CAN"]

1. e4 e5 2. Nf3 Nc6 3. Bb5 Bc5 4. c3 Nf6 5. O-O O-O 6. d4 Bb6 7. Re1 d6 8. h3
Bd7 9. Bg5 Qe7 10. d5 Nb8 11. Bf1 c6 12. c4 Na6 13. Nc3 h6 14. Bh4 Kh8 15. Qd2
Rad8 16. Rad1 Bc8 17. a3 Rg8 18. b4 g5 19. Bg3 Nh5 20. Nh4 Nxg3 21. Bd3 Qf6 22.
c5 dxc5 23. fxg3 cxb4+ 24. Kh2 bxc3 25. Qxc3 gxh4 26. Rf1 Qg7 27. g4 h5 28.
Bxa6 bxa6 29. Qxc6 Bd7 30. Qd6 Bxg4 31. Qe7 Bxd1 32. g4 hxg3+ 33. Kg2 Qg5 34.
Qb4 Qe3 35. h4 Qe2+ 1-0

[Event "Quebec-ch qual. 1"]
[Site "Quebec CAN"]
[Date "1998.04.20"]
[Round "3"]
[White "Lacroix, Serge"]
[Black "Gaspariants, Vladimir"]
[Result "0-1"]
[WhiteElo "2019"]
[BlackElo "2289"]
[PlyCount "111"]
[EventDate "1998.04.17"]
[EventType "swiss"]
[EventRounds "5"]
[EventCountry "CAN"]

1. e4 e5 2. Nf3 Nc6 3. Bb5 a6 4. Ba4 Nf6 5. O-O Be7 6. Re1 b5 7. Bb3 d6 8. c3
O-O 9. h3 Na5 10. Bc2 c5 11. d4 Qc7 12. Nbd2 Bd7 13. Nf1 Rac8 14. d5 c4 15. Bg5
Rb8 16. Qd2 Qd8 17. Ng3 Ne8 18. Be3 g6 19. Bh6 Ng7 20. a4 Qc7 21. Red1 f6 22.
Ra3 bxa4 23. Bxa4 Bxa4 24. Rxa4 Rb5 25. Rb4 Nb3 26. Qc2 Rxb4 27. cxb4 Rc8 28.
Nd2 Nd4 29. Qc3 Nh5 30. Kf1 Nxg3+ 31. Qxg3 Qb7 32. Qc3 g5 33. Nf3 Kf7 34. Nxd4
exd4 35. Qxd4 Kg6 36. Bxg5 fxg5 37. e5 dxe5 38. Qxe5 Qd7 39. d6 Bf6 40. Qe4+
Qf5 41. d7 Rd8 42. Qxc4 Qb5 43. b3 Rxd7 44. Rxd7 Qxd7 45. Kg1 Qd8 46. Kh2 Qd6+
47. g3 Qb6 48. Kg2 h5 49. Qg8+ Kh6 50. Qf8+ Bg7 51. Qe7 Qc6+ 52. Kg1 Qf6 53.
Qb7 Bf8 54. Kg2 h4 55. g4 Be7 56. Qb8 0-1

[Event "Quebec-ch qual. 1"]
[Site "Quebec CAN"]
[Date "1998.04.19"]
[Round "4"]
[White "Lemieux, Pierre"]
[Black "Lacroix, Serge"]
[Result "0-1"]
[WhiteElo "1823"]
[BlackElo "2019"]
[PlyCount "57"]
[EventDate "1998.04.17"]
[EventType "swiss"]
[EventRounds "5"]
[EventCountry "CAN"]

1. d4 Nf6 2. Nf3 e6 3. Bf4 c5 4. c3 d5 5. e3 Nc6 6. h3 Bd6 7. Ne5 Bxe5 8. dxe5
Nd7 9. Bb5 Qc7 10. Qg4 O-O 11. Bxc6 bxc6 12. O-O Nxe5 13. Qg3 f6 14. Nd2 Qb6
15. Bxe5 fxe5 16. Qxe5 Qxb2 17. Nf3 Rf6 18. Rfb1 Qc2 19. Rb3 c4 20. Rbb1 h6 21.
a4 c5 22. Rb8 Rxb8 23. Qxb8 Rf8 24. Rb1 Bd7 25. Qb2 Bxa4 26. Qxc2 Bxc2 27. Ra1
Rf7 28. Ra6 Re7 29. Rc6 0-1

[Event "Quebec-ch qual. 1"]
[Site "Quebec CAN"]
[Date "1998.04.19"]
[Round "5"]
[White "Lacroix, Serge"]
[Black "Angers, Gilles"]
[Result "1-0"]
[WhiteElo "2019"]
[BlackElo "1877"]
[PlyCount "49"]
[EventDate "1998.04.17"]
[EventType "swiss"]
[EventRounds "5"]
[EventCountry "CAN"]

1. e4 e6 2. d4 d5 3. Nc3 Nf6 4. Bg5 Be7 5. e5 Nfd7 6. Bxe7 Qxe7 7. f4 a6 8. Nf3
c5 9. dxc5 Qxc5 10. Qd2 Nc6 11. O-O-O b5 12. Nd4 Nxd4 13. Qxd4 Qxd4 14. Rxd4 g5
15. g3 gxf4 16. gxf4 f6 17. exf6 Nxf6 18. Bh3 Nh5 19. Re1 O-O 20. f5 exf5 21.
Nxd5 Ng7 22. Ne7+ Kh8 23. Bg2 Rb8 24. Rh4 Rd8 25. Nc6 1-0

[Event "Mauricie ch U2000"]
[Site "Trois-Rivieres CAN"]
[Date "1998.03.20"]
[Round "1"]
[White "Lacroix, Serge"]
[Black "Morin, Jean-Pascal"]
[Result "1/2-1/2"]
[WhiteElo "1996"]
[BlackElo "1851"]
[PlyCount "98"]
[EventDate "1998.03.20"]
[EventType "swiss"]
[EventRounds "5"]
[EventCountry "CAN"]

1. e4 c5 2. Nf3 d6 3. d4 cxd4 4. Nxd4 Nf6 5. Nc3 g6 6. Be3 Bg7 7. f3 Nc6 8. Qd2
Bd7 9. Bc4 Rc8 10. Bb3 Ne5 11. O-O-O Nc4 12. Bxc4 Rxc4 13. h4 h5 14. Nde2 b5
15. Kb1 b4 16. Nd5 Nxd5 17. Qxd5 Qc8 18. Bd4 Bxd4 19. Nxd4 Rc5 20. Qb3 e5 21.
Ne2 Qa6 22. Nc1 Ba4 23. Rxd6 Qxd6 24. Qxa4+ Qd7 25. Qxb4 Qb5 26. Nd3 Qxb4 27.
Nxb4 Ke7 28. Nd3 Rb5 29. c4 Ra5 30. Nb4 Rc5 31. b3 f6 32. Kc2 Re8 33. Rd1 Ke6
34. Kc3 f5 35. Nd5 fxe4 36. fxe4 Rf8 37. Rd2 a5 38. a3 Rf1 39. Rc2 Re1 40. b4
axb4+ 41. axb4 Rc8 42. Kd3 Rd1+ 43. Ke3 Re1+ 44. Kd3 Rd1+ 45. Kc3 Rd4 46. c5
Rxe4 47. Nb6 Rc7 48. Rd2 Rxh4 49. Rd6+ Kf7 1/2-1/2

[Event "Mauricie ch U2000"]
[Site "Trois-Rivieres CAN"]
[Date "1998.03.21"]
[Round "3"]
[White "Lacroix, Serge"]
[Black "Hudon, Paul"]
[Result "1-0"]
[WhiteElo "1996"]
[BlackElo "1971"]
[PlyCount "101"]
[EventDate "1998.03.20"]
[EventType "swiss"]
[EventRounds "5"]
[EventCountry "CAN"]

1. e4 e5 2. Nf3 Nc6 3. Bb5 a6 4. Ba4 Nf6 5. O-O b5 6. Bb3 Bb7 7. Re1 Bc5 8. c3
d6 9. d4 Bb6 10. h3 h6 11. a4 O-O 12. Na3 exd4 13. cxd4 Na5 14. Bc2 b4 15. Nb1
Re8 16. Nbd2 c5 17. dxc5 dxc5 18. b3 Nxe4 19. Nxe4 Qxd1 20. Nf6+ gxf6 21. Rxd1
Re2 22. Bd3 Re7 23. Bc4 Nxc4 24. bxc4 Bxf3 25. gxf3 Kh7 26. Bb2 Rg8+ 27. Kf1
Rg6 28. Re1 Rxe1+ 29. Rxe1 Rg5 30. Re7 Kg6 31. Rb7 Bd8 32. Rd7 Rh5 33. Rxd8 Rh4
34. Rd6 Rxc4 35. Rxf6+ Kg5 36. Rxa6 Rc2 37. Bf6+ Kf5 38. Be7 b3 39. Rb6 b2 40.
Kg2 c4 41. a5 c3 42. Ba3 Re2 43. a6 Re6 44. Rxe6 Kxe6 45. a7 b1=Q 46. a8=Q c2
47. Qe4+ Kf6 48. Qf4+ Kg6 49. Bc1 Kg7 50. Qxh6+ Kg8 51. Qg5+ 1-0

[Event "Mauricie ch U2000"]
[Site "Trois-Rivieres CAN"]
[Date "1998.03.22"]
[Round "4"]
[White "Angers, Gilles"]
[Black "Lacroix, Serge"]
[Result "0-1"]
[WhiteElo "1848"]
[BlackElo "1996"]
[PlyCount "68"]
[EventDate "1998.03.20"]
[EventType "swiss"]
[EventRounds "5"]
[EventCountry "CAN"]

1. Nf3 Nf6 2. g3 e6 3. Bg2 d5 4. d3 c5 5. O-O Nc6 6. Nbd2 Be7 7. e4 O-O 8. e5
Nd7 9. Re1 Qc7 10. Qe2 b5 11. Nf1 a5 12. h4 b4 13. Bf4 Ba6 14. N1h2 c4 15. Ng4
cxd3 16. cxd3 Qb6 17. Qd2 Nd4 18. Nxd4 Qxd4 19. Rad1 Rac8 20. Nh2 Qc5 21. Bg5
Bxg5 22. Qxg5 Qd4 23. Ng4 Rc2 24. Re3 f6 25. exf6 Nxf6 26. Ne5 Rxf2 27. Nf3
Qxb2 28. Bh3 Bc8 29. Rf1 Rxf1+ 30. Bxf1 Qc1 31. Re1 Qc5+ 32. Kg2 Qc2+ 33. Kg1
h6 34. Qe3 Ng4 0-1

[Event "Mauricie ch U2000"]
[Site "Trois-Rivieres CAN"]
[Date "1998.03.22"]
[Round "5"]
[White "Soudre, Nicolas"]
[Black "Lacroix, Serge"]
[Result "1/2-1/2"]
[WhiteElo "1967"]
[BlackElo "1996"]
[PlyCount "76"]
[EventDate "1998.03.20"]
[EventType "swiss"]
[EventRounds "5"]
[EventCountry "CAN"]

1. e4 e5 2. Nf3 Nc6 3. Bc4 Nf6 4. Ng5 d5 5. exd5 Na5 6. Bb5+ c6 7. dxc6 bxc6 8.
Qf3 Qb6 9. Ba4 Bg4 10. Qe3 Bc5 11. Qxe5+ Kf8 12. O-O Re8 13. Qg3 Re2 14. h3 h6
15. Nxf7 Kxf7 16. hxg4 Bxf2+ 17. Rxf2 Re1+ 18. Kh2 Rxc1 19. Qf4 Re8 20. b4 Re4
21. bxa5 Rxf4 22. axb6 Rxa4 23. Nc3 Rxa1 24. Nxa4 axb6 25. Nxb6 Kg6 26. Rf4
Rxa2 27. Rc4 Kg5 28. Kg3 h5 29. Rc5+ Kh6 30. Rxc6 hxg4 31. Nd5 Kg5 32. Nxf6
gxf6 33. Rc8 f5 34. Rg8+ Kf6 35. Rf8+ Kg5 36. Rg8+ Kf6 37. Rf8+ Kg5 38. Rg8+
Kf6 1/2-1/2

[Event "Specialiste ch"]
[Site "Montreal CAN"]
[Date "1998.01.20"]
[Round "1"]
[White "Schleifer, Michael"]
[Black "Lacroix, Serge"]
[Result "1-0"]
[WhiteElo "2338"]
[BlackElo "1947"]
[PlyCount "74"]
[EventDate "1998.01.30"]
[EventType "swiss"]
[EventRounds "5"]
[EventCountry "CAN"]

1. d4 Nf6 2. c4 e6 3. g3 Bb4+ 4. Bd2 Qe7 5. Bg2 O-O 6. Nc3 c5 7. a3 Bxc3 8.
Bxc3 d5 9. dxc5 dxc4 10. Qd4 Na6 11. Qxc4 Qxc5 12. Qxc5 Nxc5 13. Bxf6 gxf6 14.
Rc1 Na4 15. b3 Nb6 16. Nf3 e5 17. Nd2 Rd8 18. Ne4 f5 19. Nc5 Rb8 20. O-O Nd7
21. Rfd1 b6 22. Nd3 Ba6 23. Nb4 Bb7 24. Rc7 Bxg2 25. Kxg2 Nc5 26. Rxd8+ Rxd8
27. Nc6 Rd2 28. b4 Ne4 29. Ne7+ Kg7 30. Nxf5+ Kf6 31. Ne3 a5 32. Rc6+ Ke7 33.
Rxb6 axb4 34. Rxb4 Nc3 35. Rb3 Nxe2 36. Nf1 Rd5 37. Re3 Nd4 1-0

[Event "Nouvel an"]
[Site "Mascouche CAN"]
[Date "1998.01.17"]
[Round "4"]
[White "Lacroix, Serge"]
[Black "Villeneuve, Andre"]
[Result "1-0"]
[WhiteElo "1871"]
[BlackElo "1683"]
[PlyCount "55"]
[EventDate "1998.01.17"]
[EventType "swiss"]
[EventRounds "5"]
[EventCountry "CAN"]

1. e4 c5 2. Nf3 d6 3. d4 cxd4 4. Nxd4 Nf6 5. Nc3 g6 6. Be3 Bg7 7. f3 O-O 8. Qd2
Nc6 9. Bc4 a6 10. O-O-O Qc7 11. Bb3 Re8 12. g4 Na5 13. h4 Nxb3+ 14. Nxb3 h5 15.
gxh5 Nxh5 16. Nd5 Qd8 17. Bb6 Qd7 18. Nc7 Rb8 19. Nxe8 Qxe8 20. Bd4 Qb5 21.
Bxg7 Kxg7 22. Qc3+ Nf6 23. Qc7 Nd7 24. h5 Ra8 25. hxg6 Qg5+ 26. Kb1 fxg6 27.
Rdg1 Qf6 28. Qd8 1-0

[Event "Pere Noel"]
[Site "Montreal CAN"]
[Date "1997.12.26"]
[Round "1"]
[White "Lacroix, Serge"]
[Black "Duong, Thanh Nha"]
[Result "0-1"]
[WhiteElo "1953"]
[BlackElo "2323"]
[Annotator "Incomplete"]
[PlyCount "71"]
[EventDate "1997.12.26"]
[EventType "swiss"]
[EventRounds "5"]
[EventCountry "CAN"]

1. e4 c6 2. d4 d5 3. Nc3 dxe4 4. Nxe4 Nf6 5. Nxf6+ gxf6 6. Nf3 Bf5 7. Bd3 Bg6
8. O-O e6 9. Re1 Qc7 10. c4 Na6 11. a3 O-O-O 12. b4 c5 13. b5 Nb8 14. Bxg6 hxg6
15. d5 exd5 16. cxd5 Bd6 17. g3 Nd7 18. Qa4 Kb8 19. Bb2 Rh5 20. Re4 f5 21. Re2
f4 22. g4 Rxd5 23. Qe4 Nb6 24. Bf6 Bf8 25. Bxd8 Rxd8 26. a4 f5 27. gxf5 gxf5
28. Qe5 Bd6 29. Qf6 Nd5 30. Qb2 c4 31. Qd4 Be7 32. Qe5 Bd6 33. Qd4 Bc5 34. Qe5
Qxe5 35. Rxe5 Bb4 36. Rc1 {etc.} 0-1

[Event "Pere Noel"]
[Site "Montreal CAN"]
[Date "1997.12.29"]
[Round "4"]
[White "Goldner, John"]
[Black "Lacroix, Serge"]
[Result "0-1"]
[WhiteElo "1758"]
[BlackElo "1953"]
[PlyCount "130"]
[EventDate "1997.12.26"]
[EventType "swiss"]
[EventRounds "5"]
[EventCountry "CAN"]

1. e4 e5 2. Nf3 Nc6 3. Bb5 a6 4. Ba4 Nf6 5. O-O Be7 6. Re1 b5 7. Bb3 d6 8. c3
O-O 9. h3 Nd7 10. d4 Nb6 11. Nbd2 exd4 12. cxd4 d5 13. exd5 Nxd5 14. Ne4 Bf5
15. Ne5 Nxe5 16. dxe5 Nb4 17. Qf3 Bg6 18. Rd1 Qe8 19. a3 Qc6 20. Ng5 Qxf3 21.
Nxf3 Nc2 22. Bxc2 Bxc2 23. Rd7 Bd8 24. Bf4 Bf5 25. Rd2 c5 26. g4 Be6 27. Ng5
Ba5 28. Rd6 Bc8 29. Bg3 c4 30. Ne4 h5 31. gxh5 Bxh3 32. h6 Be6 33. hxg7 Kxg7
34. Bh4 Bd8 35. Bxd8 Rfxd8 36. Rad1 Rh8 37. Nc3 Kg6 38. R1d4 Kf5 39. f4 Rh4 40.
Kf2 Rh2+ 41. Kf3 Rxb2 42. Nd5 Rb3+ 43. Ne3+ Rxe3+ 44. Kxe3 a5 45. Kf3 Rh8 46.
Kg2 b4 47. axb4 axb4 48. Kg3 b3 49. Rxe6 fxe6 50. Rxc4 Rb8 51. Rc1 b2 52. Rb1
Rb3+ 53. Kf2 Kxf4 54. Ke2 Kxe5 55. Kd2 Kd4 56. Kc2 Rb6 57. Rd1+ Kc4 58. Rh1 e5
59. Re1 Rb5 60. Rd1 Rd5 61. Rxd5 Kxd5 62. Kxb2 Kd4 63. Kc2 Ke3 64. Kd1 Kf2 65.
Kd2 e4 0-1

[Event "Pere Noel"]
[Site "Montreal CAN"]
[Date "1997.12.29"]
[Round "4"]
[White "Lacroix, Serge"]
[Black "Desjardins, Andre"]
[Result "0-1"]
[WhiteElo "1953"]
[BlackElo "2024"]
[PlyCount "56"]
[EventDate "1997.12.26"]
[EventType "swiss"]
[EventRounds "5"]
[EventCountry "CAN"]

1. e4 c5 2. Nf3 Nc6 3. d4 cxd4 4. Nxd4 Nf6 5. Nc3 e5 6. Ndb5 d6 7. Bg5 a6 8.
Bxf6 gxf6 9. Na3 f5 10. Bc4 Ra7 11. exf5 Bxf5 12. Nd5 Bg7 13. c3 O-O 14. Nc2 b5
15. Bb3 Be6 16. Ndb4 Nxb4 17. Nxb4 Qa8 18. O-O a5 19. Bd5 Qe8 20. Nc2 Rc7 21.
Ne3 Rc5 22. Bxe6 Qxe6 23. Qb3 Rfc8 24. Rfd1 Bf8 25. Rd5 Bh6 26. Rad1 Bxe3 27.
Rxd6 Qxb3 28. axb3 Bg5 0-1

[Event "Premiere Neige"]
[Site "Montreal CAN"]
[Date "1997.11.29"]
[Round "2"]
[White "Lacroix, Serge"]
[Black "Bolduc, Steve"]
[Result "1-0"]
[WhiteElo "1879"]
[BlackElo "2210"]
[PlyCount "73"]
[EventDate "1997.11.28"]
[EventType "swiss"]
[EventRounds "5"]
[EventCountry "CAN"]

1. e4 Nf6 2. e5 Nd5 3. d4 d6 4. Nf3 Bg4 5. exd6 cxd6 6. Be2 Nc6 7. O-O e6 8. c4
Nb6 9. b3 d5 10. c5 Nd7 11. Nc3 Be7 12. Be3 O-O 13. Qd2 f5 14. Ng5 Rf6 15. f4
Rg6 16. Nf3 Nf6 17. Ne5 Nxe5 18. fxe5 Nh5 19. Nb5 Bh4 20. Bxg4 Rxg4 21. Rf3 f4
22. Bf2 Ng3 23. Bxg3 Bxg3 24. Raf1 Qh4 25. h3 Rg5 26. Nc7 Rf5 27. Nxa8 g5 28.
Nc7 g4 29. Rxg3 fxg3 30. Rxf5 exf5 31. Qf4 Qd8 32. Ne6 Qa5 33. Qg5+ Kf7 34.
Qxf5+ Ke7 35. Qf6+ Kd7 36. Qf7+ Kc8 37. Qe8+ 1-0

[Event "Premiere Neige"]
[Site "Montreal CAN"]
[Date "1997.11.29"]
[Round "3"]
[White "Lacroix, Serge"]
[Black "Schleifer, Michael"]
[Result "0-1"]
[WhiteElo "1879"]
[BlackElo "2359"]
[PlyCount "60"]
[EventDate "1997.11.28"]
[EventType "swiss"]
[EventRounds "5"]
[EventCountry "CAN"]

1. e4 Nc6 2. d4 e5 3. dxe5 Nxe5 4. Nf3 Nxf3+ 5. Qxf3 Qf6 6. Qg3 Bc5 7. Nc3 Ne7
8. Be3 Bxe3 9. Qxe3 O-O 10. Bc4 d6 11. O-O-O a6 12. Nd5 Nxd5 13. Bxd5 Re8 14.
Rhe1 c6 15. Bb3 d5 16. e5 Qg6 17. Qg3 Qh6+ 18. Kb1 Bf5 19. Ka1 a5 20. a4 Re7
21. c4 dxc4 22. Bxc4 Rae8 23. b3 g6 24. h3 Bc2 25. Rd6 Rxe5 26. Re3 Rxe3 27.
fxe3 Qxe3 28. Qxe3 Rxe3 29. Kb2 Bf5 30. g4 Be6 0-1

[Event "Premiere Neige"]
[Site "Montreal CAN"]
[Date "1997.11.30"]
[Round "5"]
[White "Rousseau, Daniel"]
[Black "Lacroix, Serge"]
[Result "1/2-1/2"]
[WhiteElo "2027"]
[BlackElo "1879"]
[PlyCount "110"]
[EventDate "1997.11.28"]
[EventType "swiss"]
[EventRounds "5"]
[EventCountry "CAN"]

1. e4 e5 2. Nf3 Nc6 3. Bb5 a6 4. Ba4 Nf6 5. O-O Be7 6. Re1 b5 7. Bb3 d6 8. c3
O-O 9. h3 Nd7 10. d4 Nb6 11. Nbd2 exd4 12. cxd4 d5 13. e5 Bf5 14. a3 Qd7 15.
Nf1 a5 16. Ng3 Bg6 17. Qe2 Nc4 18. a4 Nb4 19. axb5 Bd3 20. e6 Qxb5 21. exf7+
Rxf7 22. Qe6 Ra6 23. Ba4 Rxe6 24. Bxb5 Rxe1+ 25. Nxe1 Nxb2 26. Bd7 Nc4 27. Be6
Kf8 28. Nxd3 Nxd3 29. Bxd5 Nb6 30. Bxf7 Kxf7 31. Be3 Bb4 32. Kf1 Ke6 33. Ke2
Nb2 34. Bc1 N2c4 35. Kd3 Nd6 36. Nh5 g6 37. Nf4+ Kf6 38. g4 g5 39. Nh5+ Kg6 40.
f4 gxf4 41. Nxf4+ Kf6 42. Nh5+ Ke6 43. Ra2 a4 44. Re2+ Kf7 45. Bg5 Nb5 46. Rf2+
Ke6 47. Nf6 a3 48. Re2+ Kf7 49. Ne4 Kg6 50. h4 h5 51. gxh5+ Kxh5 52. Rg2 Nd5
53. Kc4 c6 54. Nf6+ Nxf6 55. Bxf6 Bc3 1/2-1/2

[Event "Quebec-ch classe"]
[Site "Trois-Rivieres CAN"]
[Date "1997.10.11"]
[Round "2"]
[White "Hua, Lefong"]
[Black "Lacroix, Serge"]
[Result "1-0"]
[WhiteElo "2153"]
[BlackElo "1949"]
[PlyCount "116"]
[EventDate "1997.10.10"]
[EventType "swiss"]
[EventRounds "5"]
[EventCountry "CAN"]

1. d4 Nf6 2. c4 e6 3. Nf3 Bb4+ 4. Bd2 Qe7 5. g3 O-O 6. Bg2 Bxd2+ 7. Qxd2 Ne4 8.
Qc2 Qb4+ 9. Nfd2 Nxd2 10. Nxd2 Qe7 11. O-O a5 12. Qc3 d6 13. Nb3 e5 14. Nxa5
exd4 15. Qd2 c5 16. Rfe1 Qc7 17. Nb3 Be6 18. Qc2 Nc6 19. a3 Rfe8 20. e3 dxe3
21. Rxe3 Ne5 22. Nd2 Nc6 23. Rae1 Nd4 24. Qd3 Bd7 25. Be4 h6 26. Nf3 Nxf3+ 27.
Bxf3 Rxe3 28. Rxe3 Re8 29. Rxe8+ Bxe8 30. Qe3 Bc6 31. Bxc6 Qxc6 32. Qe7 g6 33.
h4 h5 34. Qf6 Qa6 35. Qf4 Qb6 36. Qd2 Qa6 37. Qd3 Qc6 38. b3 Qd7 39. Qe4 Kf8
40. Kg2 Qe7 41. Qd5 Qc7 42. b4 Ke7 43. b5 b6 44. Qa8 Kf6 45. a4 Ke5 46. Kg1 Kd4
47. Qd5+ Kc3 48. a5 bxa5 49. Qc6 Qd8 50. b6 a4 51. b7 a3 52. Qc8 Qe7 53. b8=Q
Qe1+ 54. Kg2 Qe4+ 55. Kh2 Qf3 56. Qbb7 Qxf2+ 57. Qg2 Qb2 58. Qa6 f6 1-0

[Event "Quebec-ch classe"]
[Site "Trois-Rivieres CAN"]
[Date "1997.10.13"]
[Round "3"]
[White "Lacroix, Serge"]
[Black "Lalonde, Jean-Louis"]
[Result "1-0"]
[WhiteElo "1949"]
[BlackElo "1846"]
[PlyCount "119"]
[EventDate "1997.10.10"]
[EventType "swiss"]
[EventRounds "5"]
[EventCountry "CAN"]

1. e4 c5 2. Nf3 Nc6 3. d4 cxd4 4. Nxd4 Nf6 5. Nc3 e5 6. Ndb5 d6 7. Bg5 a6 8.
Bxf6 gxf6 9. Na3 b5 10. Nd5 f5 11. exf5 Bxf5 12. Qf3 Be6 13. Nf6+ Ke7 14. Nd5+
Bxd5 15. Qxd5 Qb6 16. c3 Qc5 17. Qxc5 dxc5 18. Be2 e4 19. f3 Bg7 20. O-O-O b4
21. cxb4 Nd4 22. Rhe1 cxb4 23. Nc4 b3 24. axb3 Nxb3+ 25. Kb1 Rab8 26. Bd3 Rhd8
27. Bxe4 Rxd1+ 28. Rxd1 Rb4 29. Ne3 Rb8 30. Nf5+ Kf8 31. Nxg7 Kxg7 32. Rd5 h6
33. Bc2 Rb6 34. Bxb3 Rxb3 35. Kc2 Re3 36. Rd3 Re2+ 37. Rd2 Re6 38. b4 Re5 39.
Rd4 a5 40. Rg4+ Kf6 41. bxa5 Rxa5 42. Kd3 h5 43. Rg8 Re5 44. h4 Re1 45. Rg5 Ke6
46. Rxh5 f5 47. Kd2 Ra1 48. Ke3 Ra4 49. Rh6+ Kf7 50. h5 f4+ 51. Kf2 Ra5 52. g4
Ra2+ 53. Ke1 Ra3 54. Ke2 Re3+ 55. Kf2 Ra3 56. Rc6 Ra2+ 57. Ke1 Ra3 58. Ke2 Re3+
59. Kf2 Ra3 60. Rc4 1-0

[Event "Beloeil CC-ch"]
[Site "Beloeil CAN"]
[Date "1997.11.10"]
[Round "3"]
[White "Lacroix, Serge"]
[Black "Audet, Michel"]
[Result "1/2-1/2"]
[WhiteElo "1928"]
[BlackElo "1687"]
[Annotator "Incomplete"]
[PlyCount "52"]
[EventDate "1997.09.28"]
[EventType "swiss"]
[EventRounds "6"]
[EventCountry "CAN"]

1. e4 Nf6 2. e5 Nd5 3. d4 d6 4. Nf3 Bf5 5. Bd3 Qd7 6. a3 Nc6 7. exd6 Qe6+ 8.
Kf1 Bxd3+ 9. Qxd3 Qxd6 10. g3 Qd7 11. Kg2 f6 12. Re1 O-O-O 13. c4 Nb6 14. Be3
h6 15. b4 g5 16. Rd1 Bg7 17. Nc3 g4 18. Ne1 h5 19. Nc2 Ne5 20. Qe2 Nexc4 21.
Bf4 Qc6+ 22. Qe4 Qxe4+ 23. Nxe4 Nd5 24. Nc5 a5 25. Ne3 Nxf4+ 26. gxf4 Nb6 {
etc. etc.} 1/2-1/2

[Event "Laval U op"]
[Site "Quebec CAN"]
[Date "1997.09.20"]
[Round "2"]
[White "Lacroix, Serge"]
[Black "Turcot, Jean"]
[Result "1-0"]
[WhiteElo "2011"]
[BlackElo "1362"]
[PlyCount "91"]
[EventDate "1997.09.19"]
[EventType "swiss"]
[EventRounds "5"]
[EventCountry "CAN"]

1. e4 e5 2. Nf3 Nc6 3. Bb5 a6 4. Ba4 Nf6 5. O-O Be7 6. Re1 b5 7. Bb3 O-O 8. c3
d5 9. exd5 Nxd5 10. Nxe5 Nxe5 11. Rxe5 c6 12. d4 Bd6 13. Re1 Qh4 14. g3 Qh3 15.
Be3 Bg4 16. Qd3 Rae8 17. Qf1 Qh5 18. Bxd5 cxd5 19. Nd2 Re6 20. f3 Bf5 21. Qf2
Bd3 22. Nf1 f5 23. Bd2 Rfe8 24. Rxe6 Rxe6 25. Re1 Rxe1 26. Bxe1 Bxf1 27. Kxf1
Qg6 28. Qe2 Kf8 29. a4 Qe8 30. Qd3 g6 31. Bd2 Kf7 32. Kf2 Kg8 33. axb5 axb5 34.
Bh6 Kf7 35. Qd2 Qe7 36. Bf4 Bxf4 37. Qxf4 Kg7 38. Qe5+ Qxe5 39. dxe5 Kf7 40. f4
h6 41. Ke3 g5 42. Kd4 Ke6 43. Kc5 gxf4 44. gxf4 h5 45. Kxb5 h4 46. Kc5 1-0

[Event "U. Laval op"]
[Site "Ste-Foy CAN"]
[Date "1997.09.20"]
[Round "3"]
[White "Girard, Robin"]
[Black "Lacroix, Serge"]
[Result "1-0"]
[WhiteElo "2255"]
[BlackElo "2011"]
[PlyCount "78"]
[EventDate "1997.09.19"]
[EventType "swiss"]
[EventRounds "5"]
[EventCountry "CAN"]

1. d4 Nf6 2. c4 e6 3. Nf3 Bb4+ 4. Nbd2 Qe7 5. g3 O-O 6. Bg2 d6 7. O-O e5 8. Nb3
exd4 9. Nfxd4 Na6 10. a3 Bc5 11. Nxc5 Nxc5 12. b4 Ncd7 13. Bb2 Nb6 14. Qc2 c5
15. Nf3 h6 16. Rad1 Re8 17. bxc5 dxc5 18. Ne5 Ng4 19. Nxg4 Bxg4 20. Rd2 Rad8
21. Bd5 Nxd5 22. cxd5 b6 23. e4 Bh3 24. Re1 f6 25. f3 h5 26. Qc4 Bd7 27. a4 Qd6
28. f4 a6 29. e5 b5 30. Qc2 fxe5 31. fxe5 Qh6 32. Rf2 c4 33. Qc3 Rf8 34. e6
Rxf2 35. Kxf2 Rf8+ 36. Kg2 Bc8 37. Ba3 Re8 38. Qe5 Qg6 39. Bb2 h4 1-0

[Event "U. Laval op"]
[Site "Ste-Foy CAN"]
[Date "1997.09.21"]
[Round "4"]
[White "Lacroix, Serge"]
[Black "Sauve, Richard"]
[Result "1-0"]
[WhiteElo "2011"]
[BlackElo "1950"]
[PlyCount "61"]
[EventDate "1997.09.19"]
[EventType "swiss"]
[EventRounds "5"]
[EventCountry "CAN"]

1. e4 c5 2. Nf3 d6 3. d4 cxd4 4. Nxd4 Nf6 5. Nc3 a6 6. Bg5 e6 7. f4 b5 8. Qf3
Bb7 9. Bxf6 Qxf6 10. O-O-O Nd7 11. g4 e5 12. Nf5 g6 13. Ne3 Qxf4 14. Qxf4 exf4
15. Ned5 O-O-O 16. Kb1 g5 17. a4 bxa4 18. Nxa4 Ne5 19. h3 h5 20. gxh5 Rxh5 21.
Rg1 Nf3 22. Be2 Rxh3 23. Bxf3 Rxf3 24. Nab6+ Kb8 25. Rxg5 Bh6 26. Rf5 Bxd5 27.
Nxd5 Rh3 28. Rd4 Rg8 29. Rb4+ Ka8 30. Nc7+ Ka7 31. Ra5 1-0

[Event "U. Laval op"]
[Site "Ste-Foy CAN"]
[Date "1997.09.21"]
[Round "5"]
[White "Tremblay, Sylvain"]
[Black "Lacroix, Serge"]
[Result "1-0"]
[WhiteElo "2116"]
[BlackElo "2011"]
[PlyCount "73"]
[EventDate "1997.09.19"]
[EventType "swiss"]
[EventRounds "5"]
[EventCountry "CAN"]

1. e4 e5 2. Nf3 Nc6 3. Bb5 a6 4. Ba4 Nf6 5. O-O Be7 6. Re1 b5 7. Bb3 d6 8. c3
O-O 9. h3 Nd7 10. d4 Nb6 11. Nbd2 exd4 12. cxd4 d5 13. e5 Bf5 14. a3 Qd7 15.
Bc2 b4 16. a4 Na5 17. Bxf5 Qxf5 18. Nf1 c5 19. dxc5 Bxc5 20. Be3 Bxe3 21. Nxe3
Qe6 22. b3 Rfc8 23. Nd4 Qd7 24. Nef5 Rc3 25. Qg4 g6 26. e6 fxe6 27. Rxe6 Nc6
28. Rxc6 Rxc6 29. Nxc6 Rf8 30. Nfe7+ Kf7 31. Qf4+ Ke8 32. Qb8+ Kf7 33. Qxb6 Qd6
34. Rd1 Kg7 35. Rxd5 Qe6 36. Qd4+ Kh6 37. Qe3+ 1-0

[Event "Suroit ch"]
[Site "Valleyfield CAN"]
[Date "1997.09.13"]
[Round "2"]
[White "Apostolov, Penka"]
[Black "Lacroix, Serge"]
[Result "1/2-1/2"]
[WhiteElo "1828"]
[BlackElo "2007"]
[Annotator "Incomplete"]
[PlyCount "51"]
[EventDate "1997.09.12"]
[EventType "swiss"]
[EventRounds "5"]
[EventCountry "CAN"]

1. d4 Nf6 2. Nf3 e6 3. c4 Bb4+ 4. Nbd2 c5 5. a3 Bxd2+ 6. Bxd2 cxd4 7. Nxd4 Nc6
8. Bc3 O-O 9. Qc2 d5 10. e3 Ne4 11. cxd5 Qxd5 12. Nb5 Nxc3 13. Qxc3 Qe5 14. Rd1
Qxc3+ 15. Nxc3 Rd8 16. Rxd8+ Nxd8 17. Be2 Bd7 18. Bf3 Rb8 19. Ke2 Kf8 20. Rd1
Ke7 21. Ne4 b5 22. Nc5 Be8 23. b4 e5 24. Bg4 g6 25. Bd7 Rb6 26. f4 {etc. etc.}
1/2-1/2

[Event "Suroit ch"]
[Site "Valleyfield CAN"]
[Date "1997.09.13"]
[Round "3"]
[White "Duplessis, Jean-Roch"]
[Black "Lacroix, Serge"]
[Result "0-1"]
[WhiteElo "1535"]
[BlackElo "2007"]
[PlyCount "50"]
[EventDate "1997.09.12"]
[EventType "swiss"]
[EventRounds "5"]
[EventCountry "CAN"]

1. Nf3 Nf6 2. b4 a5 3. b5 c6 4. e3 d5 5. a4 Nbd7 6. d4 e6 7. Ba3 Bxa3 8. Nxa3
Qc7 9. c3 e5 10. dxe5 Nxe5 11. Nxe5 Qxe5 12. Qd4 Qe7 13. bxc6 bxc6 14. Qb6 O-O
15. Qxc6 Bd7 16. Qc7 Rfc8 17. Qb7 Qc5 18. Qb2 Bxa4 19. Nb1 Rcb8 20. Qc1 Bb5 21.
Be2 Bxe2 22. Kxe2 Qc4+ 23. Ke1 Nd7 24. Ra3 Qd3 25. f3 Rxb1 0-1

[Event "Valleyfield"]
[Site "Valleyfield CAN"]
[Date "1997.09.14"]
[Round "4"]
[White "Lacroix, Serge"]
[Black "Leger, Manon"]
[Result "1/2-1/2"]
[WhiteElo "2007"]
[BlackElo "1927"]
[PlyCount "50"]
[EventDate "1997.09.12"]
[EventType "swiss"]
[EventRounds "5"]
[EventCountry "CAN"]

1. e4 e5 2. Nf3 Nf6 3. Nxe5 d6 4. Nf3 Nxe4 5. d4 d5 6. Bd3 Bd6 7. O-O O-O 8. c4
c6 9. Nc3 Nxc3 10. bxc3 dxc4 11. Bxc4 Bg4 12. Re1 Nd7 13. Qd3 Bh5 14. Bg5 Qc7
15. Be7 Rfe8 16. Bxd6 Qxd6 17. Ng5 Nf6 18. Qc2 Bg6 19. Qb3 Qd7 20. a4 Nd5 21.
Nf3 f6 22. Bxd5+ cxd5 23. Qb5 Qxb5 24. axb5 a6 25. Ra5 b6 1/2-1/2